|
|
|
|
| LEADER |
00892aam a22002538a 4500 |
| 001 |
00028699 |
| 005 |
20171026081023.0 |
| 008 |
120330s2005 ||||||viesd |
| 041 |
0 |
# |
|a vie
|
| 082 |
1 |
4 |
|a 372.7
|b H411Đ
|
| 245 |
0 |
0 |
|a Hoạt động và trò chơi Toán lớp một
|
| 260 |
# |
# |
|a Hà Nội
|b Hà Nội
|c 2005
|
| 300 |
# |
# |
|a 136tr.
|b minh họa
|c 27cm.
|
| 500 |
# |
# |
|a ĐTTS ghi: Bộ giáo dục và đào tạo. Vụ Giáo dục tiểu học - Cứu trợ trẻ em Úc - Thụy Điển
|
| 650 |
# |
4 |
|a Toán học
|x Trò chơi
|
| 653 |
# |
# |
|a Hoạt động
|
| 653 |
# |
# |
|a Lớp 1
|
| 653 |
# |
# |
|a Trò chơi
|
| 852 |
# |
# |
|b Kho mượn
|j KM.0013642
|
| 852 |
# |
# |
|b Kho đọc
|j KD.0013039
|
| 852 |
# |
# |
|j KD.0013039
|j KM.0013642
|
| 910 |
|
|
|d 30/03/2012
|
| 980 |
# |
# |
|a Trung tâm Học liệu Lê Vũ Hùng, Trường Đại học Đồng Tháp
|